| 000 | 01294cam a2200349 a 4500 | ||
|---|---|---|---|
| 001 | 12553481 | ||
| 003 | OSt | ||
| 005 | 20170301104521.0 | ||
| 008 | 011002s2002 deuab b 001 0beng | ||
| 010 | _a 2001054175 | ||
| 020 | _a0842028455 (alk. paper) | ||
| 020 | _a0842028463 (pbk. : alk. paper) | ||
| 040 |
_aDLC _cDLC _dDLC |
||
| 043 | _as-bl--- | ||
| 050 | 0 | 0 |
_aF2536.I8 _bB37 2002 |
| 082 | 0 | 0 |
_a981/.04/092 _221 |
| 100 | 1 |
_aBarman, Roderick J., _d1937- |
|
| 245 | 1 | 0 |
_aPrincess Isabel of Brazil : _bgender and power in the nineteenth century / _cRoderick J. Barman. |
| 260 |
_aWilmington, Del. : _bSR Books, _cc2002. |
||
| 300 |
_axiv, 291 p. ; _bill., maps ; _c24 cm. |
||
| 440 | 0 | _aLatin American silhouettes | |
| 504 | _aIncludes bibliographical references (p. 273-280) and index. | ||
| 600 | 0 | 0 |
_aIsabel, _cPrincess of Brazil, _d1846-1921. |
| 650 | 0 |
_aSex role _xPolitical aspects _zBrazil. |
|
| 650 | 0 |
_aEquality _zBrazil _xHistory _y19th century. |
|
| 650 | 0 | _aPower (Social sciences) | |
| 650 | 0 |
_aPrincesses _zBrazil _vBiography. |
|
| 651 | 0 |
_aBrazil _xHistory _yEmpire, 1822-1889. |
|
| 906 |
_a7 _bcbc _corignew _d1 _eocip _f20 _gy-gencatlg |
||
| 942 |
_2lcc _cBK |
||
| 999 |
_c255849 _d255848 |
||